000 00329nam a22001457a 4500
008 210301b ||||| |||| 00| 0 eng d
020 _a9780672321511
041 _aeng
080 _a004
082 _a004
100 _a28
101 _aSHKI
245 _aDesigning from both sides of the screen
_cIsaacs, E
942 _2udc
_cBK
999 _c55413
_d55413